| 000 | 00565 a2200169 4500 | ||
|---|---|---|---|
| 003 | Nust | ||
| 005 | 20221123120519.0 | ||
| 040 | _cNust | ||
| 082 | _a621.3810287,STR | ||
| 100 |
_aPeter Strong _9103410 |
||
| 245 |
_aBiophysical Measurments / _cPeter Strong |
||
| 260 |
_aText Ronix _bLondon _c1970 |
||
| 300 | _a500p | ||
| 505 | _aSection 1: Physiology and Generation of Biomedical Potentials Within Man (Page-5), Section 2: Measurements Techniques (Page-47), Section 3: Instrumentation(Page-213). | ||
| 650 | _aTelecommunication Engineering | ||
| 942 |
_2ddc _cBK |
||
| 999 |
_c181915 _d181915 |
||